| 000 | 00616nam a2200181Ia 4500 | ||
|---|---|---|---|
| 008 | 151018s9999 xx 000 0 und d | ||
| 082 |
_bRBASDV35932 _a891.433 |
||
| 100 | _aएस पाल धवन कांता | ||
| 245 | _aरंगो की महिमा | ||
| 250 | _b1 | ||
| 260 |
_bचिल्ड्रन बुक ट्रस्ट _c2002 |
||
| 300 | _a16 | ||
| 600 | _aएस पाल धवन कांता | ||
| 630 | _aरंगो की महिमा | ||
| 700 | _aएस पाल धवन कांता | ||
| 730 | _aरंगो की महिमा | ||
| 942 | _cBOOK | ||
| 999 |
_c1035403 _d1035400 |
||